| 000 -LEADER |
| fixed length control field |
00498cam a2200169 i 4500 |
| 020 ## - INTERNATIONAL STANDARD BOOK NUMBER |
| ISBN |
9780134730684 (hardcover) |
| 020 ## - INTERNATIONAL STANDARD BOOK NUMBER |
| ISBN |
0134730682 |
| 040 ## - CATALOGING SOURCE |
| Transcribing agency |
DLC |
| 082 00 - DEWEY DECIMAL CLASSIFICATION NUMBER |
| Classification number |
540 JEA 2019 A006 Or. |
| 100 1# - MAIN ENTRY--AUTHOR NAME |
| Personal name |
Timberlake, Karen C., |
| 245 10 - TITLE STATEMENT |
| Title |
General, organic, and biological chemistry : |
| Remainder of title |
structures of life / |
| 250 ## - EDITION STATEMENT |
| Edition statement |
Sixth edition. |
| 300 ## - PHYSICAL DESCRIPTION |
| Number of Pages |
1 volume (various pagings) : |
| Other physical details |
illlustrations (some color) ; |
| Dimensions |
29 cm |
| 650 #0 - SUBJECT ADDED ENTRY--TOPICAL TERM |
| Topical Term |
Chemistry |
| 700 1# - ADDED ENTRY--PERSONAL NAME |
| Personal name |
Orgill, MaryKay, |
| 942 ## - ADDED ENTRY ELEMENTS (KOHA) |
| Koha item type |
ADB |
| 952 ## - LOCATION AND ITEM INFORMATION (KOHA) |
| Withdrawn status [LOCAL, KOHA] |
0 |